Structure and Interpretation of Signals and Systems : (Record no. 598406)

MARC details
000 -LEADER
fixed length control field 00512nam a2200193 a 4500
008 - FIXED-LENGTH DATA ELEMENTS--GENERAL INFORMATION
fixed length control field 251122s2003##################000#0#eng##
020 ## - INTERNATIONAL STANDARD BOOK NUMBER
ISBN 9780201745511
082 04 - DEWEY DECIMAL CLASSIFICATION NUMBER
Classification number 621.382
Item number LEE
100 1# - MAIN ENTRY--AUTHOR NAME
Personal name Lee, Edward A.,
245 10 - TITLE STATEMENT
Title Structure and Interpretation of Signals and Systems :
260 ## - PUBLICATION, DISTRIBUTION, ETC. (IMPRINT)
Name of publisher Addison Wesley,
Year of publication 2003.
300 ## - PHYSICAL DESCRIPTION
Number of Pages 647 pages
650 #0 - SUBJECT ADDED ENTRY--TOPICAL TERM
Topical Term Technology & Engineering.
942 ## - ADDED ENTRY ELEMENTS (KOHA)
Koha item type English Books
Holdings
Withdrawn status Lost status Damaged status Not for loan Home library Current library Shelving location Date acquired Full call number Accession Number Price effective from Koha item type
        Anna Centenary Library Anna Centenary Library 6TH FLOOR, A WING 22.11.2025 621.382 LEE 295254 22.11.2025 English Books

Find us on the map